A Programmer's Introduction to Visual Basic.NET/ (Record no. 615963)

000 -LEADER
fixed length control field 00459nam a22001697a 4500
003 - CONTROL NUMBER IDENTIFIER
control field NUST
005 - DATE AND TIME OF LATEST TRANSACTION
control field 20260128134032.0
008 - FIXED-LENGTH DATA ELEMENTS--GENERAL INFORMATION
fixed length control field 260127b ||||| |||| 00| 0 eng d
020 ## - INTERNATIONAL STANDARD BOOK NUMBER
International Standard Book Number 978-0672322648
082 ## - DEWEY DECIMAL CLASSIFICATION NUMBER
Classification number 005.2768
100 ## - MAIN ENTRY--PERSONAL NAME
Personal name Utley, Craig.
9 (RLIN) 132943
245 ## - TITLE STATEMENT
Title A Programmer's Introduction to Visual Basic.NET/
Statement of responsibility, etc. Utley, Craig.
260 ## - PUBLICATION, DISTRIBUTION, ETC.
Place of publication, distribution, etc. USA:
Name of publisher, distributor, etc. Sams Publishing,
Date of publication, distribution, etc. 2001.
300 ## - PHYSICAL DESCRIPTION
Extent 343 p ;
Dimensions 23.1 cm
563 ## - BINDING INFORMATION
Binding note Paperback
942 ## - ADDED ENTRY ELEMENTS (KOHA)
Source of classification or shelving scheme
Koha item type Book
Holdings
Withdrawn status Lost status Source of classification or shelving scheme Damaged status Not for loan Permanent Location Current Location Date acquired Total Checkouts Full call number Barcode Date last seen Price effective from Koha item type
          Institute of Geographical Information Systems (IGIS) Institute of Geographical Information Systems (IGIS) 01/28/2026   005.2768 IGIS-305 01/28/2026 01/28/2026 Book
© 2023 Central Library, National University of Sciences and Technology. All Rights Reserved.